Propiedades físicas, químicas, de secado y de combustión de siete especies de bambú y caña brava procedentes de Nicaragua y de Costa Rica
Enregistré dans:
| Auteur principal: | |
|---|---|
| Format: | Livre |
| Langue: | Spanish |
| Publié: |
[San José, Costa Rica] : Universidad de Costa Rica, Facultad de Ingeniería, Instituto de Investigaciones en Ingeniería, Laboratorio de Productos Forestales
1981
|
| Sujets: | |
| Tags: |
Ajouter un tag
Pas de tags, Soyez le premier à ajouter un tag!
|
MARC
| LEADER | 00000nam a2200000Ia 4500 | ||
|---|---|---|---|
| 003 | PI0059 | ||
| 005 | 20231207102427.0 | ||
| 008 | 140116s1981 cr a 000 ||spa d | ||
| 040 | |c cru CEDI | ||
| 090 | |a PI 59 | ||
| 100 | |a Ramírez C, Aldo |9 16538 | ||
| 245 | |a Propiedades físicas, químicas, de secado y de combustión de siete especies de bambú y caña brava procedentes de Nicaragua y de Costa Rica | ||
| 260 | |a [San José, Costa Rica] : Universidad de Costa Rica, Facultad de Ingeniería, Instituto de Investigaciones en Ingeniería, Laboratorio de Productos Forestales |c 1981 | ||
| 300 | |c 42 hojas : ilustraciones | ||
| 650 | |x BAMBU |x CAÑA BRAVA |9 20988 | ||
| 942 | |c PI |h PI-59 |i PI0059 |6 PI_59_PI0059 | ||
| 999 | |c 13300 |d 13300 | ||
